|
|
|
|
| LEADER |
02370nam a2200589 i 4500 |
| 001 |
nkc20193077225 |
| 003 |
CZ PrNK |
| 005 |
20190604101554.0 |
| 007 |
ta |
| 008 |
190215t20192019xr a f 000 0 cze |
| 015 |
|
|
|a cnb003077225
|
| 020 |
|
|
|a 978-80-270-5529-6
|q (brožováno)
|
| 035 |
|
|
|a (OCoLC)1104144194
|
| 040 |
|
|
|a BOA001
|b cze
|e rda
|
| 043 |
|
|
|a e-xr---
|a x------
|
| 045 |
|
|
|a w-y-
|
| 072 |
|
7 |
|a 364-1/-7
|x Druhy sociální pomoci a služeb
|2 Konspekt
|9 18
|
| 080 |
|
|
|a 364-782.4
|2 MRF
|
| 080 |
|
|
|a 364-782.42
|2 MRF
|
| 080 |
|
|
|a 349.3-053.2
|2 MRF
|
| 080 |
|
|
|a (437.3)
|2 MRF
|
| 080 |
|
|
|a (100)
|2 MRF
|
| 080 |
|
|
|a (036)
|2 MRF
|
| 100 |
1 |
|
|a Macela, Miloslav,
|d 1970-
|7 xx0153262
|4 aut
|
| 245 |
1 |
0 |
|a Krátkodobá pěstounská péče :
|b historie, praxe, perspektivy /
|c Miloslav Macela
|
| 264 |
|
1 |
|a Brno :
|b Sdružení pěstounských rodin z.s.,
|c [2019]
|
| 264 |
|
4 |
|c ©2019
|
| 300 |
|
|
|a 126 stran :
|b ilustrace ;
|c 15 x 21 cm
|
| 336 |
|
|
|a text
|b txt
|2 rdacontent
|
| 337 |
|
|
|a bez média
|b n
|2 rdamedia
|
| 338 |
|
|
|a svazek
|b nc
|2 rdacarrier
|
| 500 |
|
|
|a Název z obálky
|
| 500 |
|
|
|a Přehled souvisejících právních předpisů
|
| 504 |
|
|
|a Obsahuje bibliografii a bibliografické odkazy
|
| 648 |
|
7 |
|a 19.-21. století
|7 ch757016
|2 czenas
|
| 650 |
0 |
7 |
|a náhradní rodinná péče
|7 ph123400
|z Česko
|y 19.-21. století
|2 czenas
|
| 650 |
0 |
7 |
|a pěstounská péče
|7 ph124858
|z Česko
|y 19.-21. století
|2 czenas
|
| 650 |
0 |
7 |
|a pěstounská péče na přechodnou dobu
|7 ph1038165
|z Česko
|2 czenas
|
| 650 |
0 |
7 |
|a pěstounská péče na přechodnou dobu
|7 ph1038165
|z země světa
|2 czenas
|
| 650 |
0 |
7 |
|a sociálně-právní ochrana dětí
|7 ph297054
|z Česko
|2 czenas
|
| 650 |
0 |
9 |
|a foster home care
|z Czechia
|y 19th-21st centuries
|2 eczenas
|
| 650 |
0 |
9 |
|a short-term foster care
|z Czechia
|2 eczenas
|
| 650 |
0 |
9 |
|a short-term foster care
|z countries of the world
|2 eczenas
|
| 650 |
0 |
9 |
|a social-law children protection
|z Czechia
|2 eczenas
|
| 655 |
|
7 |
|a informační publikace
|7 fd132454
|2 czenas
|
| 655 |
|
9 |
|a information publications
|2 eczenas
|
| 910 |
2 |
|
|a BOA001
|b 2-1427.253
|
| 990 |
|
|
|a BK
|
| 995 |
|
|
|a 01
|
| 991 |
|
|
|b 201905
|c NOV
|
| 996 |
6 |
|
|b 2610780307
|c 2-1427.253
|l MZK
|r Sklad / do 1 hodiny
|n 5
|p p.v.
|w 001721190
|u 000010
|a 1
|e BOA001
|j MZK50
|s P
|
| 996 |
7 |
|
|b 2610780308
|c 2-1427.253
|l MZK
|r Sklad / do 1 hodiny
|n 5
|p p.v.
|w 001721190
|u 000020
|a 1
|e BOA001
|j MZK50
|s A
|